| 000 | 00562nam a2200181 a 4500 | ||
|---|---|---|---|
| 005 | 20231101063620.0 | ||
| 008 | 991125s1951 mx 000 0 spa u | ||
| 035 | _aUPN01000003241 | ||
| 049 | _aCG | ||
| 050 | 4 |
_aPQ7084 _bA56 |
|
| 245 | 0 | 0 |
_aAntología poética hispano-mexicana / _c[comp.] Antonio Raluy Poudevida ; il. Humberto González Puente. |
| 260 |
_aMéxico : _bPatria, _c1951. |
||
| 300 | _a353 p. | ||
| 650 | 4 |
_aPOESIA HISPANOAMERICANA _91253 |
|
| 650 | 4 |
_aPoesía mexicana _91273 |
|
| 700 | 1 |
_aRaluy Poudevida, Antonio, _ecomp. _938194 |
|
| 905 | _aLibro | ||
| 999 |
_c3241 _d3241 |
||